Rebecca Black Friday Lyrics - Statistics

General Stats
  • This quiz has been taken 758 times
  • The average score is 23 of 42
Answer Stats
Lyric % Correct
{Seven} A.M., wakin' up in the morning
97%
It's {Friday}, {Friday}
93%
Which seat can I {take}?
88%
Everybody's lookin' {forward}
86%
Gotta {get} {down} on Friday
86%
Gotta make my {mind} up
86%
To the {weekend}, {weekend}
86%
Gotta have {cereal}
85%
{Fun}, {fun}, {fun}, {fun}
81%
{Sittin'} in the back seat
79%
Gotta {catch} my bus, I see my friends
76%
Gotta get down to the {bus} {stop}
76%
Tomorrow is {Saturday}
74%
{Partyin'} {partyin'} yeah!
72%
Yesterday was {Thursday}, {Thursday}
71%
{Today} it is Friday, Friday
70%
I don't want this weekend to {end}
68%
Gotta have my {bowl}
67%
Gotta be {fresh}, gotta do downstairs
63%
You {know} what it is
63%
{Kickin'} in the front seat
62%
We we we so {excited}, we so {excited}
57%
7:45 we're drivin' on the {highway}
56%
My {friend} is by my right, ay
52%
Tickin' on and on everybody's {rushin'}
50%
And Sunday comes {after....wards}
49%
So {chillin'} in the front seat
42%
We gonna have a {ball} today
39%
Seein' {everything}, the time is goin'
38%
Cruisin' so fast, I want time to {fly}
34%
In the {back} {seat}
31%
I {got} {this}, you {got} {this}
30%
R-B, {Rebecca} {Black}
30%
Fast {lanes}, switchin' {lanes}
27%
{Now} you know it
27%
Fun, fun, {think} {about} fun
22%
I'm {drivin'}, cruisin'
20%
Check my {time}, it's Friday, it's a weekend
16%
With a {car} up on my side (Woo!)
12%
{Passin'} by is a school bus in front of me
10%
We gonna have fun, {c'mon}, {c'mon}, y'all
10%
Makes tick tock, tick tock, wanna {scream}
7%
No matching quizzes found
Score Distribution
Percent of People with Each Score
Percentile by Number Answered
Your Score History
You have not taken this quiz